000
00386nam a2200133Ia 4500
008
151001s9999||||xx |||||||||||||| ||und||
100
_a
शरद कुंटे
245
_a
विकासपुरुष नरेंद्र मोदी
250
_a
1
260
_b
स्नेहल प्रकाशन पुणे
260
_c
2013
300
_a
312
365
_b
21
999
_c
1002038
_d
1002035